Štrukturálne fondy EÚ pre školstvo - známa neznáma? vieme využiť ponúkané zdroje?
Prehľad štrukturálnych fondov EÚ. Ciele štrukturálnych fondov EÚ. Možnosti čerpania z fondov EÚ. Využívanie finančných prostriedkov z fondov EÚ,
Salvato in:
| Autore principale: | |
|---|---|
| Natura: | Capitolo di libro |
| Lingua: | slovacco |
| Soggetti: | |
| Tags: |
Nessun Tag, puoi essere il primo ad aggiungerne!!
|
MARC
| LEADER | 00000naa$a2200000$$$4500 | ||
|---|---|---|---|
| 001 | 0095541 | ||
| 005 | 20231127101617.1 | ||
| 041 | 0 | |a slo | |
| 044 | |a SK | ||
| 245 | 1 | 0 | |a Štrukturálne fondy EÚ pre školstvo - známa neznáma? |b vieme využiť ponúkané zdroje? |c Ondrej Barič |
| 520 | |a Prehľad štrukturálnych fondov EÚ. Ciele štrukturálnych fondov EÚ. Možnosti čerpania z fondov EÚ. Využívanie finančných prostriedkov z fondov EÚ, | ||
| 610 | 2 | 0 | |a fondy štruktúrne |
| 610 | 2 | 0 | |a školstvo |
| 610 | 2 | 0 | |a projekty medzinárodné |
| 610 | 2 | 0 | |a programy rozvojové |
| 610 | 2 | 0 | |a konvergencia |
| 610 | 2 | 0 | |a investície |
| 610 | 2 | 0 | |a Európska únia |
| 610 | 2 | 0 | |a pomoc štátna |
| 100 | 1 | |a Barič, Ondrej | |